000 00406nam a2200145Ia 4500
008 220216s9999 xx 000 0 und d
100 _aDe Silva C A
245 0 _aPerformance of RRIC clones under Ceylon conditions
260 _bRubber Research Institute of Ceylon Quarterly Journal
_c1961
300 _a12-Jan
650 _aCeylon
650 _aHand-pollination
650 _aRRIC clones
942 _cJS
999 _c64767
_d64767